00825nam a2200193 a 450000100100000000500170001000800410002702000180006804000250008608200190011110000400013024500680017026000390023830000210027750000630029895201170036195201360047899900170061400004431320201002045303.0140613s2006 dr 000 0 spa d a9789945130201 aDO-SdBNPbspacBNPHU axxxxxxbxxxxxx1 aMartínez Burgos, José R.97231810aDe la tiranía a la democracia /cJosé R. Martínez Burgos. aSanto Domingo :bMediabyte,c2006. a201 p. ;c23 cm. aIncluye datos biográficos del autor en la contracubierta 0010718PDaPDbPDcHDd2014-06-13iLF1l0oxxxxxx xxxxxxp44313-10r2020-06-25w2020-06-25yLFPDZNo se presta 00102ddc718PDaBNPHUbPDd2014-06-13eDr. Luciano M. P.iLF1l0oxxxxxx xxxxxxp2020-0069r2020-09-30te. 2u w2020-06-25yLFPD c43802d43802